00463nam a2200157Ia 4500008004100000020001800041082002000059100002000079245008800099250000700187260003900194300002300233500001900256600001500275650001500290240925s9999 xx 000 0 und d a9781292083049 a658.4092019 FLE aFleming, Kerrie 4aThe leader's guide to emotional agility: how to use soft skills to get hard results aNA aLondon:bPearson educationc,2016. a302p.b0fOriginal aIncludes Index aManagement aManagement